000 00677nam a2200277Ia 4500
005 20260324124309.0
008 008 260324s9999 xx 000 0 eng d
020 _a9781315249766
037 _aEBOOK
040 _aCRL
040 _beng
040 _cCRL
041 _2eng
041 _aeng
084 _qCRL
100 _aDiane E. Booton
_91173612
245 0 _aManuscripts, Market and the Transition to Print in Late Medieval Brittany
260 _bTaylor and Francis
260 _c2010
365 _a
365 _b240
856 _uhttp://www.taylorfrancis.com/books/9781315249766
942 _cEBOOK
999 _c1767874
_d1767874